Vật lí điện tử
Đề cập đến chuyển động của hạt điện trong điện tử trường; phổ năng lượng của các hạt lượng tử. Trình bày các vật liệu rắn; tổng quát về quá trình truyền và xử lý thông tin quang
Đã lưu trong:
| Tác giả chính: | |
|---|---|
| Định dạng: | Sách |
| Năm xuất bản: |
H.
|
| Phiên bản: | 2009 |
| Chủ đề: | |
| Tags: |
Thêm thẻ
Không có thẻ, Hãy là người đầu tiên gắn thẻ bản ghi này!
|
| LEADER | 02235nam a2200265 4500 | ||
|---|---|---|---|
| 999 | |c 4734 |d 4734 | ||
| 082 | |a 537 |b NG527M | ||
| 100 | |a Nguyễn Minh Hiển | ||
| 245 | |a Vật lí điện tử |c Nguyễn Minh Hiển | ||
| 250 | |a 2009 | ||
| 260 | |a H. | ||
| 300 | |a 302 tr. |c 21 cm | ||
| 520 | |a Đề cập đến chuyển động của hạt điện trong điện tử trường; phổ năng lượng của các hạt lượng tử. Trình bày các vật liệu rắn; tổng quát về quá trình truyền và xử lý thông tin quang | ||
| 653 | |a Vật lí | ||
| 653 | |a Vật lý điện tử | ||
| 942 | |2 ddc |c STK0 | ||
| 952 | |0 0 |1 0 |2 ddc |4 0 |6 537_000000000000000_NG527M |7 0 |8 500 |9 44766 |a qbu |b qbu |c D3 |d 2014-12-20 |g 26000 |o 537 NG527M |p 2814.c1 |w 2014-12-20 |y STK0 |0 0 |6 537_000000000000000_NG527M | ||
| 952 | |0 0 |1 0 |2 ddc |4 0 |6 537_000000000000000_NG527M |7 0 |8 500 |9 44767 |a qbu |b qbu |c D3 |d 2014-12-20 |g 26000 |l 1 |o 537 NG527M |p 2814.c2 |r 2015-08-26 |s 2015-08-19 |w 2014-12-20 |y STK0 |0 0 |6 537_000000000000000_NG527M | ||
| 952 | |0 0 |1 0 |2 ddc |4 0 |6 537_000000000000000_NG527M |7 0 |8 500 |9 44768 |a qbu |b qbu |c D3 |d 2014-12-20 |g 26000 |o 537 NG527M |p 2814.c3 |w 2014-12-20 |y STK0 |0 0 |6 537_000000000000000_NG527M | ||
| 952 | |0 0 |1 0 |2 ddc |4 0 |6 537_000000000000000_NG527M |7 0 |8 500 |9 44769 |a qbu |b qbu |c D3 |d 2014-12-20 |g 26000 |o 537 NG527M |p 2814.c4 |w 2014-12-20 |y STK0 |0 0 |6 537_000000000000000_NG527M | ||
| 952 | |0 0 |1 0 |2 ddc |4 0 |6 537_000000000000000_NG527M |7 0 |8 500 |9 44770 |a qbu |b qbu |c D3 |d 2014-12-20 |g 26000 |o 537 NG527M |p 2814.c5 |w 2014-12-20 |y STK0 |0 0 |6 537_000000000000000_NG527M | ||
| 952 | |0 0 |1 0 |2 ddc |4 0 |6 537_000000000000000_NG527M |7 0 |8 500 |9 44771 |a qbu |b qbu |c D3 |d 2014-12-20 |g 26000 |l 1 |m 1 |o 537 NG527M |p 2814.c6 |r 2015-09-07 |s 2015-08-24 |w 2014-12-20 |y STK0 |0 0 |6 537_000000000000000_NG527M | ||
| 952 | |0 0 |1 0 |2 ddc |4 0 |6 537_000000000000000_NG527M |7 0 |8 500 |9 44772 |a qbu |b qbu |c D3 |d 2014-12-20 |g 26000 |o 537 NG527M |p 2814.c7 |w 2014-12-20 |y STK0 |0 0 |6 537_000000000000000_NG527M | ||
| 952 | |0 0 |1 0 |2 ddc |4 0 |6 537_000000000000000_NG527M |7 0 |8 500 |9 44773 |a qbu |b qbu |c D3 |d 2014-12-20 |g 26000 |o 537 NG527M |p 2814.c8 |w 2014-12-20 |y STK0 |0 0 |6 537_000000000000000_NG527M | ||
| 952 | |0 0 |1 0 |2 ddc |4 0 |6 537_000000000000000_NG527M |7 0 |8 500 |9 44774 |a qbu |b qbu |c D3 |d 2014-12-20 |g 26000 |o 537 NG527M |p 2814.c9 |w 2014-12-20 |y STK0 |0 0 |6 537_000000000000000_NG527M | ||